Guess the Taylor Swift Song (no hints) 114 - Statistics

General Stats
  • This quiz has been taken 69 times
  • The average score is 317 of 368
Answer Stats
Answer % Correct
I
100%
in
100%
In
100%
is,
100%
is
100%
Is
100%
me
100%
my
100%
My
100%
the
100%
The
100%
There
100%
was
100%
we
100%
who
100%
you
100%
your
100%
Your
100%
and
97%
And
97%
do
97%
if
97%
I'm
97%
it
97%
It
97%
on
97%
to
97%
when
97%
All
95%
all
95%
be
95%
don't
95%
its
95%
love?
95%
love
95%
again
92%
at
92%
go
92%
"Have
92%
have
92%
I'll
92%
meet
92%
say
92%
say,
92%
That
92%
that
92%
This
92%
this
92%
where
92%
night
90%
of
90%
enchanted
87%
knew
87%
someone
87%
can
85%
eyes
85%
Like
85%
Not
85%
now
85%
way
85%
AM,
82%
as
82%
I'd
82%
make
82%
met?"
82%
too
82%
were
82%
with
82%
enchanting
79%
face
79%
faking
79%
know
79%
let
79%
Please
79%
saw
79%
see
79%
smiles
79%
tonight
79%
up
79%
wonder
79%
would
79%
2
77%
are
77%
else
77%
Forcing
77%
forever
77%
home
77%
somebody
77%
sparkling,
77%
back
74%
back,
74%
laughter,
74%
Starts
74%
starts
74%
waiting
74%
wonderstruck,
74%
first
72%
place
72%
room
72%
very
72%
whispered,
72%
will
72%
wondering
72%
'Cross
69%
lonely
69%
old
69%
silhouette
69%
dancing
67%
door
67%
ends
67%
line
67%
name,
67%
quick
67%
remarks
67%
Same
67%
story
67%
These
67%
thoughts
67%
around
64%
blushing
64%
conversation
64%
Counter
64%
echo
64%
kept
64%
open
64%
spend
64%
tired,
64%
until
64%
Wishing
64%
alone
62%
awake
62%
forth
62%
held
62%
"Hey"
62%
leaving
62%
pacing
62%
page
62%
soon
62%
words
62%
flawless,
59%
praying
59%
secrecy
59%
Vanished
59%
wide
59%
lingering
56%
passing
56%
question
56%
shifting
56%
'til
56%
insincerity,
54%
notes
54%
playful
54%
Walls
54%
vacancy
49%
No matching quizzes found
Score Distribution
Percent of People with Each Score
Percentile by Number Answered
Your Score History
You have not taken this quiz